MDQL
is popping MORE tags! Check the
thread
!
Quizzes
Events
Quiz Creation
Community
Videos
Private Events
Remove Ads
Sign In
Join for FREE
Feedback
Dark Mode
Quiz Categories
Sports
Geography
Music
Movies
Television
Just For Fun
Miscellaneous
History
Literature
Language
Science
Gaming
Entertainment
Religion
Holiday
For Kids
Quiz Lab
Recent
Popular Today
Quiz Kudos Today
Editor Picks
Curator Picks
Quizzes by...
Day
Popularity
Type
Ratings
Length
Year
Community
Subscriptions
Recent Discussions
Orange Saloon
Badges
Playlists
Quests
Create
Leaderboards
Showdown
Live 5
Trivia Bingo
Activity
Puzzle Library
Sporcle Events
Private Events
Virtual Trivia
Globe League
Become a Host
Pub Owners
SporcleCon
Opinionation
Our Games
Videos
Blog
Mobile Apps
Partnerships
Remove Ads and Go Orange
Feedback
Geography
Country
Landmarks
City
State
Population
World
Capital
Continent
Flags
Europe
Africa
Asia
South America
North America
Oceania
Border
Canada
United Kingdom
Topography
United States
Geography
Country
Landmarks
City
State
Population
World
Capital
Continent
Flags
Europe
Africa
Asia
South America
North America
Oceania
Border
Canada
United Kingdom
Topography
United States
Random Quiz
Search Sporcle
×
Quiz Lab
Quiz Lab
Geography
place
Type in answers that appear in a list
Type in answers that appear in a list
Classic
Best Score? Go Orange.
Licence Plate Codes *Pictures* Stats
Can you name the places represented by these licence plate decals?
By
lupin
5m
49 Questions
277 Plays
277 Plays
277 Plays
Comments
Comments
Give Quiz Kudos
Give Quiz Kudos
-
- Ratings
hide this ad
Forced Order
Answers have to be entered in order
Answers have to be entered in order
Replay
Link that replays current quiz
Next Quiz
Link to next quiz in quiz playlist
You Got
0%
They Got
Avg Score
49%
Avg Friend Score
Upgrade to see
Score Distribution
Jump to the score distribution portion of the page
Score
0/49
Timer
05:00
0
Plays Today
Code
Place
% Correct
OMAN
Oman
79.8%
Q
Qatar
78%
UAE
United Arab Emirates
77.6%
FJI
Fiji
75.8%
LAO
Laos
70.8%
PR
Puerto Rico
70%
D
Germany
67.5%
PRC
China
65.7%
ZA
South Africa
64.6%
ROK
South Korea
63.9%
E
Spain
63.5%
CH
Switzerland
63.2%
EC
Ecuador
60.6%
IS
Iceland
58.1%
V
Vatican City
56%
CR
Costa Rica
56%
MC
Monaco
56%
MK
FYR Macedonia
55.6%
RSM
San Marino
50.5%
LAR
Libya
49.8%
BZ
Belize
49.5%
RB
Botswana
48.4%
TCH
Chad
48.4%
RH
Haiti
46.9%
YV
Venezuela
46.2%
Code
Place
% Correct
BY
Belarus
45.8%
HR
Croatia
45.8%
RCB
Republic of the Congo
45.5%
CL
Sri Lanka
44.8%
CI
Côte d'Ivoire
44%
ET
Egypt
43%
WAG
The Gambia
43%
CYM
Wales
43%
RP
Philippines
41.9%
EAT
Tanzania
40.1%
T
Thailand
40.1%
GBZ
Gibraltar
39.4%
BDA
Bermuda
38.6%
DY
Benin
38.3%
DZ
Algeria
37.5%
WL
Saint Lucia
36.1%
K
Cambodia
35.7%
FM
Federated States of Micronesia
33.9%
RU
Burundi
33.6%
WAL
Sierra Leone
33.2%
WD
Dominica
32.5%
HJK
Jordan
32.5%
FL
Liechtenstein
31%
EH
Basque Country
13%
Quiz Playlist
Details
Report
Send in Message
Add To Playlist
Classic:
Type in answers that appear in a list
Forced Order:
Answers have to be entered in order
Quiz Source
Last Updated: Sep 27, 2019
Quiz Scoreboard
CHALLENGE
Sign Up to Join the Scoreboard
Show All
Scores
Hide
Comments
May contain spoilers
Recently Published
Holiday 10x10 Sorting Gallery
by lukepisani3
Holiday
15m
Two Season TV Shows II
by 123Four
Television
10m
Image Sorting: Flags VI
by Barbecue
Geography
2m
More to Explore
Quiz From the Vault
Featured Blog Post
14 Easter Pick-up Lines to Find Eggs With
hide this ad
You Might Also Like...
Tags
code
Image Quiz
licence
place
plate
Represented
Today's Top Quizzes in Geography
Browse Geography
hide this ad
Today's Top Quizzes in place
Browse place
Top Contributed Quizzes in Geography
1
Colored Red Europe Blitz I
2
Countries of the World - No Outlines Minefield
3
Colored Red Africa Blitz II
4
Colored Red Europe Blitz II
5
Colored Red Europe Blitz III
6
Colored Red Africa Blitz III
7
Colored Red States Blitz I
8
Colored Red States Blitz II
9
A Different View: World Oceans
10
Colored Red States Blitz III
Explore More
Trending Topics
NBA
Kpop
Disney
Marvel
Anime
Harry Potter
Crossword
Soccer
NFL
Country
WWE
Song
Pokémon
The Office
Puzzle
hide this ad
More By:
lupin
Quiz
Plays
Rating
Category
Featured
Created
Animals A-Z
1,704,397
4.40
Just For Fun
Dec 8, 2009
Famous Faces
1,007,510
4.21
Entertainment
Nov 21, 2009
20th Century by Image
940,405
4.08
History
Nov 30, 2009
Animated Movies by Picture
867,569
4.31
Movies
Jan 17, 2010
Musician by Picture
840,875
3.14
Music
Dec 8, 2009
Go to Creator's Profile
Score Distribution
Quiz Creator Spotlight
lupin
Follow
Send a Message
Quizzes Created
-
Created Quiz Play Count
-
More By This Creator
Popular Quizzes Today
1
Find the US States - No Outlines Minefield
2
Colored Red Africa Blitz
3
Find the 'City' Movie
4
The Countries of the World
5
5x2 Blitz: Bands
6
Find the Countries of Europe - No Outlines Minefield
7
Find the US States
8
US States
More Geography Quizzes
No Typo Challenge: Geography
Curator's Pick
Trending Quizzes
Colored Red Europe Blitz I
Colored Red Africa Blitz II
Colored Red Europe Blitz II
Even More Two Season TV Shows
Colored Red Africa Blitz III
Recently Updated
Quick Pick: 20 Twenties
pecheneg
March Madness Men's Triple Doubles
pecheneg
How Do You Spell That?
pecheneg
Godzilla Movies
pecheneg
Grab Bag: 4-10 Letters
pecheneg
2024 March Madness Bracket
pecheneg
Famous TV Couples
Peacemaker
Champions League XIs: Real Madrid
pecheneg
Largest US Cities 1790-2010
pecheneg
Rides in Walt Disney World
pecheneg
Trending Topics
Marvel
Anime
Crossword
NBA
Disney
Kpop
Harry Potter
Puzzle
Soccer
The Office
WWE
Pokémon
Country
NFL
Song
Your Account Isn't Verified!
In order to create a playlist on Sporcle, you need to verify the email address you used during registration. Go to your
Sporcle Settings
to finish the process.
Report this User
Report this user for behavior that violates our
Community Guidelines
.
Details:
Send Report
Go to the Sporcle.com Mobile Site →
Comments